000
00293nam a2200109Ia 4500
008
190914s9999||||xx |||||||||||||| ||und||
100
_a
John C.Lee
245
0
_a
Business and Financial Statistics Using Minitab
260
_a
Washington
_b
World Scientific
_c
2010
300
_a
160
942
_c
BK
999
_c
10144
_d
10144